Peří v průvanu /
Irena Podhorná je pozvaná na velkolepou oslavu, kterou na své chalupě pořádají manželé Karasovi. Slaví dvacáté výročí svatby a současně i patnáct let existence jejich firmy. Všechno je okázalé, mezi pozvanými je řada úspěšných a vlivných lidí. Irena sama to dotáhla daleko, je uznávanou psycholožkou,...
Uloženo v:
| Hlavní autor: | |
|---|---|
| Médium: | E-kniha |
| Jazyk: | Czech |
| Vydáno: |
Praha :
Moravská Bastei MOBA, s.r.o.,
2011
|
| Tagy: |
Žádné tagy |
| LEADER | 01653nam a22002297i 4500 | ||
|---|---|---|---|
| 001 | 305860 | ||
| 007 | ta | ||
| 008 | 260601s2011 xr ||||| |||| 00| 0 cze d | ||
| 020 | |a 9788024353661 | ||
| 044 | |a xr | ||
| 100 | 1 | |a Pospíšilová, Jarmila |4 aut | |
| 245 | 1 | 0 | |a Peří v průvanu / |c Pospíšilová, Jarmila |
| 264 | 1 | |a Praha : |b Moravská Bastei MOBA, s.r.o., |c 2011 | |
| 300 | |a 1 online zdroj (224 stran) | ||
| 336 | |a text |b txt |2 rdacontent | ||
| 337 | |a bez média |b n |2 rdamedia | ||
| 338 | |a online zdroj |b cr |2 rdacarrier | ||
| 520 | 2 | |a Irena Podhorná je pozvaná na velkolepou oslavu, kterou na své chalupě pořádají manželé Karasovi. Slaví dvacáté výročí svatby a současně i patnáct let existence jejich firmy. Všechno je okázalé, mezi pozvanými je řada úspěšných a vlivných lidí. Irena sama to dotáhla daleko, je uznávanou psycholožkou, autorkou řady odborných publikací a má dobře zavedenou praxi. Přesto cítí, že jí něco chybí, nemá rodinu, překročila čtyřicítku a začíná tušit, že některé věci už mít prostě nebude. Kamarádka Věra Karasová se naproti tomu tváří šťastně, její život vypadá dokonale, ale během oslav Irena zjišťuje, že věci nejsou takové, jak na první pohled vypadají... | |
| 910 | |a RBIT002 | ||
| 998 | |d 3610 |a https://core.palmknihy.cz/api/books/3610/cover?9n94e |b https://core.palmknihy.cz/api/books/3610/cover/400?ytfjmj |c https://core.palmknihy.cz/api/books/3610/cover/50?6l8hq7 |e 2032-04-07 |g 224 |i 9788024353661 |j https://core.palmknihy.cz/api/books/3610/preview.epub |l |q 49 |r 1 |s https://www.palmknihy.cz/kniha/3610 |t ebook |y 2011 |z 1 | ||
| 999 | |d 305858 | ||